| Tag |
First Indicator |
Second Indicator |
Subfields |
| LEADER |
00000nam a2200000 i 4500 |
| 001 |
in00004079921 |
| 005 |
20190805140805.0 |
| 006 |
m o d f |
| 007 |
cr bn||||||||| |
| 008 |
171121s2013 vauab ob f000 0 eng c |
| 035 |
|
|
|a (OCoLC)on1012489944
|
| 042 |
|
|
|a pcc
|
| 043 |
|
|
|a n-us-az
|
| 040 |
|
|
|a COP
|b eng
|e rda
|e pn
|c COP
|d OCLCO
|d OCLCF
|d GPO
|d MvI
|
| 049 |
|
|
|a WWW
|
| 074 |
|
|
|a 0624-H (online)
|
| 086 |
0 |
|
|a I 19.76:2013-1007
|
| 100 |
1 |
|
|a Amoroso, Lee,
|e author.
|
| 245 |
1 |
0 |
|a Bedrock and surficial geologic map of the Satan Butte and Greasewood 7.5' quadrangles, Navajo and Apache Counties, northern Arizona /
|c by Lee Amoroso, Susan S. Priest, and Margaret Hiza-Redsteer.
|
| 264 |
|
1 |
|a Reston, Virginia :
|b U.S. Department of the Interior, U.S. Geological Survey,
|c 2013.
|
| 300 |
|
|
|a 1 online resource :
|b color illustrations, maps.
|
| 336 |
|
|
|a text
|b txt
|2 rdacontent
|
| 337 |
|
|
|a computer
|b c
|2 rdamedia
|
| 338 |
|
|
|a online resource
|b cr
|2 rdacarrier
|
| 490 |
1 |
|
|a Open-file report ;
|v 2013-1007
|
| 500 |
|
|
|a "Prepared in cooperation with the Navajo Nation."
|
| 500 |
|
|
|a Title from title screen (viewed on November 16, 2017).
|
| 504 |
|
|
|a Includes bibliographical references (pages 21-24).
|
| 650 |
|
0 |
|a Geology
|z Arizona
|z Navajo County
|v Maps.
|
| 650 |
|
0 |
|a Geology
|z Arizona
|z Apache County
|v Maps.
|
| 650 |
|
7 |
|a Geology.
|2 fast
|0 (OCoLC)fst00940627
|
| 651 |
|
7 |
|a Arizona
|z Navajo County.
|2 fast
|0 (OCoLC)fst01217273
|
| 655 |
|
7 |
|a Maps.
|2 fast
|0 (OCoLC)fst01423704
|
| 655 |
|
7 |
|a Maps.
|2 lcgft
|
| 700 |
1 |
|
|a Priest, Susan S.,
|e author.
|
| 700 |
1 |
|
|a Redsteer, Margaret H.,
|e author.
|
| 710 |
2 |
|
|a Geological Survey (U.S.),
|e issuing body.
|
| 710 |
1 |
|
|a Navajo Nation, Arizona, New Mexico & Utah.
|
| 830 |
|
0 |
|a U.S. Geological Survey open-file report ;
|v 2013-1007.
|
| 856 |
4 |
0 |
|u https://purl.fdlp.gov/GPO/gpo120534
|t 0
|
| 999 |
f |
f |
|s dc4e9aa3-ae37-3506-8693-e125de3def91
|i ed30c9d9-7bd4-3279-a395-59041dfc0b67
|t 0
|
| 952 |
f |
f |
|a Texas A&M University
|b College Station
|c Electronic Resources
|d Available Online
|t 0
|e I 19.76:2013-1007
|h Superintendent of Documents classification
|
| 998 |
f |
f |
|a I 19.76:2013-1007
|t 0
|l Available Online
|